000 00922nam a2200253Ia 4500
003 OSt
005 20220923211612.0
006 a|||||r|||| 00| 0
007 ta
008 220922b |||||||| |||| 00| 0 hin d
020 _a9799350000168 (hbk)
_c150
024 _a242,766
037 _b488, 03/03/2010, Vani Prakashan
_cTextual
040 _aARTS
_cARTS
_bhin
041 _2hin
_ahin
082 _aO155,3N28,MA, 152P9
100 _aतेण्डुलकर, विजय; बक्षी, सुषमा, अनु.
_9160963
245 0 _aमसाज
246 _aMasāja
260 _aनयी दिल्ली
_b वाणी प्रकाशन
_c2009
300 _a95पृ.
_ccm.
942 _hO155,3N28,MA, 152P9
_cTEXL
_2CC
999 _c301296
_d301296